Top 150 joueur de foot all time - Statistiques

Statistiques générales
  • Ce quiz a été pris 931 fois
  • Le résultat moyen est 60 sur 150
Statistiques - réponses
Hint Réponse % Correct
1 : 🇦🇷 Messi
99%
2 : 🇵🇹 | 6 : 🇧🇷 Ronaldo
99%
3 : 🇧🇷 Pele
95%
4 : 🇦🇷 Maradona
94%
7 : 🇫🇷 Zidane
94%
31 : 🇧🇷 Neymar
87%
5 : 🇳🇱 Cruyff
86%
85 : 🇫🇷 Mbappe
85%
10 : 🇧🇷 Ronaldinho
84%
27 : 🇫🇷 Henry
76%
12 : 🇫🇷 Platini
76%
18 : 🇪🇸 Iniesta
75%
123 : 🇩🇪 | 16 : 🇩🇪 Muller
75%
19 : 🇪🇸 Xavi
74%
64 : 🇫🇷 Benzema
72%
15 : 🇮🇹 Maldini
71%
35 : 🇺🇾 Suarez
71%
28 : 🇭🇷 Modric
69%
26 : 🇩🇪 Neuer
68%
11 : 🇭🇺 Puskas
64%
150 : 🏴󠁧󠁢󠁷󠁬󠁳󠁿 Bale
63%
22 : 🇪🇸 Ramos
63%
9 : 🇩🇪 Beckenbauer
61%
37 : 🇮🇹 Buffon
61%
81 : 🇫🇷 Griezmann
61%
90 : 🇧🇪 De Bruyne
60%
44 : 🇧🇷 Roberto Carlos
59%
53 : 🇨🇮 Drogba
58%
45 : 🇨🇲 Eto’o
57%
50 : 🇸🇪 Ibrahimovic
57%
46 : 🇵🇱 Lewandowski
57%
14 : 🇳🇱 Van Basten
57%
104 : 🇦🇷 Di Maria
56%
51 : 🇧🇷 Kaka
56%
75 : 🇪🇬 Salah
56%
32 : 🇳🇱 Gullit
55%
55 : 🇪🇸 Casillas
53%
105 : 🇳🇴 Haaland
53%
25 : 🇵🇹 Eusebio
52%
66 : 🇩🇪 Lahm
52%
41 : 🇧🇷 Rivaldo
52%
69 : 🇳🇱 Robben
52%
57 : 🏴󠁧󠁢󠁥󠁮󠁧󠁿 Rooney
51%
130 : 🇧🇪 Hazard
50%
48 : 🇵🇹 Luis Figo
50%
70 : 🇫🇷 Ribery
50%
93 : 🇸🇳 Mane
49%
29 : 🇷🇺 Yashin
48%
54 : 🇮🇹 Cannavaro
47%
39 : 🇮🇹 Pirlo
47%
88 : 🏴󠁧󠁢󠁥󠁮󠁧󠁿 Beckham
46%
49 : 🇧🇷 Cafu
46%
62 : 🇪🇸 Puyol
46%
8 : 🇦🇷 Di Stefano
45%
71 : 🇧🇷 Marcelo
45%
76 : 🇱🇷 Weah
45%
13 : 🇧🇷 Garrincha
44%
74 : 🇪🇸 Busquets
43%
52 : 🇮🇹 Nesta
43%
136 : 🇫🇷 Thuram
43%
91 : 🇫🇷 Blanc
42%
59 : 🏴󠁧󠁢󠁥󠁮󠁧󠁿 Gerrard
42%
137 : 🇫🇷 Papin
42%
138 : 🇫🇷 Barthez
41%
17 : 🇬🇧 Best
41%
63 : 🏴󠁧󠁢󠁥󠁮󠁧󠁿 Lampard
40%
89 : 🇦🇷 Aguero
39%
120 : 🇨🇿 Nedved
39%
99 : 🇪🇸 Torres
39%
92 : 🇳🇱 Van Persie
39%
21 : 🇬🇧 Charlton
38%
33 : 🇫🇷 Kopa
37%
80 : 🇳🇱 Van Dijk
37%
98 : 🇪🇸 Villa
37%
60 : 🇮🇹 Del Piero
36%
56 : 🇺🇦 Shevchenko
36%
82 : 🇫🇷 Desailly
35%
24 : 🇧🇷 Romario
35%
65 : 🇫🇷 Vieira
35%
86 : 🇮🇹 Totti
34%
20 : 🇧🇷 Zico
34%
102 : 🏴󠁧󠁢󠁷󠁬󠁳󠁿 | 87 : 🏴󠁧󠁢󠁷󠁬󠁳󠁿 Giggs
33%
132 : 🏴󠁧󠁢󠁥󠁮󠁧󠁿 Owen
33%
61 : 🇪🇸 Raul
33%
108 : 🇫🇷 Trezeguet
33%
40 : 🇫🇷 Cantona
31%
129 : 🇨🇿 Cech
31%
121 : 🇳🇱 Van Der Sar
31%
23 : 🇮🇹 Baresi
30%
78 : 🏴󠁧󠁢󠁥󠁮󠁧󠁿 Ferdinand
30%
94 : 🇫🇷 Makelele
29%
30 : 🇩🇪 Matthaus
29%
36 : 🇧🇷 Socrates
29%
100 : 🇳🇱 Van Nistelrooy
29%
116 : 🇩🇪 Kahn
28%
109 : 🇺🇾 Forlan
27%
73 : 🇲🇽 Sanchez
27%
101 : 🇳🇬 Okocha
26%
149 : 🇹🇩 Hagi
25%
124 : 🇫🇷 Lizarazu
25%
68 : 🏴󠁧󠁢󠁥󠁮󠁧󠁿 Scholes
25%
72 : 🇷🇸 Vidic
25%
112 : 🇦🇷 Batistuta
24%
111 : 🇦🇷 Crespo
24%
77 : 🏴󠁧󠁢󠁳󠁣󠁴󠁿 Dalglish
24%
139 : 🇧🇷 Dida
24%
135 : 🇵🇹 Deco
23%
107 : 🇮🇪 Keane
23%
114 : 🇳🇱 Seedorf
23%
83 : 🇦🇷 Zanetti
23%
43 : 🇳🇱 Bergkamp
22%
97 : 🏴󠁧󠁢󠁥󠁮󠁧󠁿 Cole
22%
58 : 🇧🇷 Dani Alves
22%
96 : 🇮🇹 Inzaghi
22%
145 : 🏴󠁧󠁢󠁥󠁮󠁧󠁿 Moore
22%
84 : 🇨🇮 Yaya Toure
22%
118 : 🇳🇱 Rijkaard
21%
79 : 🇧🇬 Stoichkov
21%
67 : 🇧🇷 Jairzinho
20%
128 : 🇳🇱 Koeman
20%
103 : 🇦🇷 Riquelme
20%
134 : 🇮🇹 Rossi
19%
133 : 🏴󠁧󠁢󠁥󠁮󠁧󠁿 Shearer
18%
119 : 🇭🇷 Suker
18%
115 : 🇦🇷 Veron
16%
95 : 🇩🇪 Schweinsteiger
15%
47 : 🇧🇷 Carlos Alberto
14%
131 : 🏴󠁧󠁢󠁥󠁮󠁧󠁿 Lineker
14%
113 : 🏴󠁧󠁢󠁷󠁬󠁳󠁿 Rush
14%
110 : 🇧🇷 Thiago Silva
14%
122 : 🇮🇹 Zambrotta
14%
127 : 🇪🇸 Butragueno
13%
126 : 🇪🇸 Hierro
13%
142 : 🇩🇪 Rummenigge
13%
147 : 🇦🇷 Kempes
12%
117 : 🇳🇱 Kluivert
12%
125 : 🇧🇷 Lucio
11%
106 : 🇵🇹 Rui Costa
11%
34 : 🇮🇹 Meazza
10%
143 : 🇮🇹 Vieri
10%
42 : 🇮🇹 Rivera
9%
144 : 🏴󠁧󠁢󠁥󠁮󠁧󠁿 Neville
8%
141 : 🇳🇱 Stam
8%
140 : 🏴󠁧󠁢󠁳󠁣󠁴󠁿 Law
7%
146 : 🏴󠁧󠁢󠁥󠁮󠁧󠁿 Banks
6%
38 : 🇮🇹 Biaggio
3%
148 : 🇳🇱 Neeskens
3%
Aucun quiz correspondant
Distribution des résultats
% des personnes avec chaque résultat
Percentile par nombre de réponses
Votre historique - résultats
Vous n’avez pas pris ce quiz